000 00824cam a2200265Ia 4500
999 _c48980
_d48980
001 3447983
003 SIRSI
005 20191122115324.0
008 771128s1911 enkcf 001 0beng d
035 _a(Sirsi) o03447983
035 _a(Sirsi) 01-AAH-4652
036 _au74436
040 _aKKU
_cKKU
_dm.c.
_dTSW
100 1 _aTaylor, Howard,
_d1862-1946.
245 1 0 _aHudson Taylor in early years :
_bthe growth of a soul /
_cby Dr. and Mrs. Howard Taylor ; with introduction by D. E. Hoste.
260 _aLondon :
_bChina inland mission
_c1958.
300 _axxi, 511 p., [8] leaves of plates :
_bill. ;
_c22 cm.
336 _atext
337 _aunmediated
338 _avolume
600 1 0 _aTaylor, James Hudson,
_d1832-1905.
650 0 _aMissions
_zChina.
700 1 _aTaylor, Howard,
_cMrs.
942 _2lcc
_cBK